| 000 | 00760nam a22002295a 4500 | ||
|---|---|---|---|
| 005 | 20201128024352.0 | ||
| 008 | 180621t2012 enka frbd 001 0 eng d | ||
| 020 | _a9781783650231 | ||
| 040 |
_aEG-ScBUE _beng _cEG-ScBUE _dEG-ScBUE |
||
| 082 | 0 | 4 |
_222 _a005.43 _bSTA |
| 100 | 1 |
_92633 _aStallings, William. |
|
| 245 | 1 | 0 |
_aOperating systems : _binternals and design principles / _cWilliam Stallings. |
| 250 | _a7th ed., International ed. | ||
| 260 |
_aHarlow : _bPearson Education Limited, _cc.2012. |
||
| 300 |
_a788 p. : _bill. ; _c24 cm. |
||
| 500 | _aIncludes glossary. | ||
| 504 | _aIncludes bibliographical references and index. | ||
| 650 | 7 |
_2BUEsh _93050 _aOperating systems (Computers) |
|
| 651 | _2BUEsh | ||
| 653 |
_bCOMSCI _cJune2018 |
||
| 942 | _2ddc | ||
| 999 |
_c26795 _d26767 |
||